Normal view
MARC view
- التسويق-ادارة المبيعات-السياحة-صناعة السياحة
Entry Topical Term
001 - CONTROL NUMBER
- control field: 51110
003 - CONTROL NUMBER IDENTIFIER
- control field: JO-AjAnu
005 - DATE AND TIME OF LATEST TRANSACTION
- control field: 20230606082417.0
008 - FIXED-LENGTH DATA ELEMENTS
- fixed length control field: 230606|| aca||aabn | a|a d
040 ## - CATALOGING SOURCE
- Original cataloging agency: JO-AjAnu
- Transcribing agency: JO-AjAnu
150 ## - HEADING--TOPICAL TERM
- Topical term or geographic name entry element: التسويق-ادارة المبيعات-السياحة-صناعة السياحة
670 ## - SOURCE DATA FOUND
- Source citation: Work cat.: (JO-AjAnu)26123: تاليف الحديد، إبراهيم إسماعيل حسين , author 51109, إدارة التسويق السياحي